00345nam a2200121Ia 4500008004100000020002200041041000800063082002300071100001500094245005400109260005100163300000900214230519s9999 xx 000 0 und d a978-93-89688-43-6 aeng aN/613.2/SAR/DB0888 aSarker H N aFood, Nutrition And Dietary Management Of Disease bCBS Publishers & DistributorsaNew Delhic2020 a164p